MARC

LEADER 00000nam0a2200000 4500
001 319883
005 20231102003225.0
035 |a (RuTPU)RU\TPU\book\345393 
090 |a 319883 
100 |a 20160615d1940 km y0rusy50 ca 
101 0 |a rus 
102 |a UA  |a RU 
105 |a a z 001zy 
200 1 |a Сера. Извлечение из промышленных и отбросных газов  |f С. Г. Аронов 
210 |a Харьков  |a Москва  |c Металлургиздат  |c 1940 
215 |a 180 с.  |c ил. 
320 |a Библиогр. в конце разд. 
606 1 |a Сера  |x Получение  |2 stltpush  |3 (RuTPU)RU\TPU\subj\32032  |9 54718 
610 1 |a извлечение 
610 1 |a промышленные газы 
610 1 |a отбросы 
610 1 |a соединения 
610 1 |a мировые запасы 
610 1 |a угольная сера 
610 1 |a уголь 
610 1 |a переработка 
610 1 |a сухие методы 
610 1 |a сероводород 
610 1 |a мокрые методы 
610 1 |a сернистые газы 
610 1 |a сернистый ангидрид 
610 1 |a народное хозяйство 
675 |a 661.2  |v 3 
700 1 |a Аронов  |b С. Г. 
801 1 |a RU  |b 63413507  |c 20160615 
801 2 |a RU  |b 63413507  |c 20200203  |g RCR 
942 |c BK